Cartel de Conor McGregor no UFC - Statistics

Estatísticas Gerais
  • Esse quiz foi jogado 88 vezes
  • A pontuação média é 9 de 14
Estatísticas das Respostas
Adversário Resultado Método Evento % Correto
Jose Aldo Vitória Nocaute UFC 194
98%
Khabib Nurmagomedov Derrota Finalização UFC 229
94%
Dustin Poirier Derrota Contusão UFC 264
90%
Dustin Poirier Derrota Nocaute UFC 257
90%
Dustin Poirier Vitória TKO UFC 178
90%
Nate Diaz Vitória Decisão UFC 202
89%
Nate Diaz Derrota Finalização UFC 196
89%
Max Holloway Vitória Decisão UFC Fight Night 26
71%
Donald Cerrone Vitória TKO UFC 246
70%
Eddie Alvarez Vitória TKO UFC 205
69%
Chad Mendes Vitória TKO UFC 189
49%
Marcus Brimage Vitória TKO UFC on Fuel TV 9
20%
Dennis Siver Vitória TKO UFC Fight Night 59
15%
Diego Brandão Vitória TKO UFC Fight Night 46
13%
Nenhum quiz correspondente encontrado
Distribuição das Pontuações
Porcentagem de Pessoas com Cada Pontuação
Percentil de Números Respondidos
Sua Pontuação Histórica
Você não jogou esse quiz